| 000 | 00524nam a2200157 i 4500 | ||
|---|---|---|---|
| 001 | 188056 | ||
| 003 | ES-MaACL | ||
| 005 | 20250929063308.0 | ||
| 008 | 180420s1929 fr |||| | spa d | ||
| 100 | 1 |
_aPrévost, Marcel, _d1862-1941 _993819 |
|
| 245 | 1 | 0 |
_aSa maîtresse et moi / _cMarcel Prévost. |
| 260 |
_aParis : _bLes Éditions de France, _c[1929] |
||
| 300 |
_a277 p. ; _c19 cm. |
||
| 852 |
_aES-MaACL _jL-31936 _z. - Donat. herederos de la bibl. de Mª del Pilar Costa Palacín |
||
| 999 |
_c188056 _d188056 |
||